Truth Radically And Beyond in Contemporary Architecture (Record no. 4273)

MARC details
000 -LEADER
fixed length control field 00420nam a22001457a 4500
008 - FIXED-LENGTH DATA ELEMENTS--GENERAL INFORMATION
fixed length control field 250714b |||||||| |||| 00| 0 eng d
020 ## - INTERNATIONAL STANDARD BOOK NUMBER
ISBN 1901092127
100 ## - MAIN ENTRY--AUTHOR
Author Bienal Aires Buenos
245 ## - TITLE STATEMENT
Title Truth Radically And Beyond in Contemporary Architecture
260 ## - PUBLICATION, DISTRIBUTION, ETC. (IMPRINT)
Place of publication NP
Name of publisher Andreas Papadakis Publisher
Date of publication 2000
300 ## - COLLATION
Pagination 144p.
Other physical details ill.
650 ## - TRACINGS
Main Subject Architecture, Modern 20th Century
942 ## - ADDED ENTRY ELEMENTS (KOHA)
Item type Books
050 ## - LIBRARY OF CONGRESS CALL NUMBER
Classification number NA680
Item number .B54
Holdings
Source of classification or shelving scheme Not for loan Permanent location Current location Date acquired Accession No. Full call number Barcode. Koha item type
Library of Congress Classification   Samuel Ogbemudia Main Library, University of Abuja Samuel Ogbemudia Main Library, University of Abuja 07/14/2025 2025/65103 NA680.B54 2025-3027 Books